000 00307nam a22001337a 4500
003 SGT
082 _a150
_bE17S
100 _aSTAHL, STEPHEN M.
245 _aESSENTIAL PSYCHOPHARMACOLOGY PRESCRIBER'S GUIDE
250 _a6TH
260 _aINDIA
_bCAMBRIDGE UNI
_c2017
300 _a868
942 _2ddc
_cBK
999 _c14970
_d14970